Представление документа в формате RUSMARC

ПолеНазваниеЗначение
  Тип записи a
  Библиографический уровень m
001 Контрольный номер b88a7e59cd8c4e70b3a38ce76e414e71
005 Дата корректировки 20260514161120.3
010 Индекс ISBN __
a ISBN 978-5-04-189033-9
9 Тираж 3000 экз.
b Уточнения в пер.
d Цена 470-90
100 Данные общей обработки __
a Данные общей обработки 20260406d2025 dc y0rusy028902 ca
101 Язык документа 1_
a Язык текста rus
c Язык оригинала fre
102 Страна публикации __
a Страна публикации RU
105 Кодированные данные (монография) __
a Кодированные данные (монография) a z 000ay
181 Поле кодированных данных: вид содержания _0
a Код вида содержания (ISBD) i
182 Поле кодированных данных: тип средства _0
a Код типа средства (ISBD) n
200 Заглавие и сведения об ответственности 1_
a Заглавие Виржиль и "Большая книга ужасов". Лаборатория Франкенштейна
e Сведения, относящиеся к заглавию [для среднего школьного возраста]
f Первые сведения об ответственности Наима Циммерманн
g Последующие сведения об ответственности [перевод с французского Евгении Муравьевой]
g Последующие сведения об ответственности иллюстрации Каролин Юэ
203 Вид содержания и тип средства __
a Вид содержания Текст
c Тип средства непосредственный
210 Выходные данные 1_
a Место издания Москва
c Издательство Эксмо
d Дата издания 2025
215 Физическое описание __
a Объем 112, [7] с.
c Иллюстрации/тип воспроизводства ил.
d Формат 21 см
225 Серия 1_
a Серия Виржиль и "Большая книга ужасов"
320 Библиография __
a Библиография Другие книги серии: с. [2]
330 Аннотация __
a Аннотация Одиннадцатилетний Виржиль, интересующийся ужастиками и страшилками, представить себе не мог, что найденная на блошином рынке «Большая книга ужасов» отправит его в самую гущу событий романа «Франкенштейн»! Совершенно случайно вместе с ним окажется на книжных страницах и его школьная подруга Лили. Теперь им двоим придётся проявиться храбрость и изобретательность, чтобы не попасться в лапы чудовищному монстру, помешать Злоумышленнику изменить ход произведения и, что не менее важно, - вернуться к себе домой живыми и невредимыми!
333 Примечание о целевом назначении __
a Примечание о целевом назначении 12+. Для детей старше 12 лет
454 Оригинал _0
1 2001
a Le Grand Livre de L'horreur: Dans le laboratoire de Frankenstein
1 700 1
a Zimmermann
b N.
g Naima
517 Другие варианты заглавия 1_
a Другие варианты заглавия Большая книга ужасов
517 Другие варианты заглавия 1_
a Другие варианты заглавия Лаборатория Франкенштейна
606 Тематические рубрики __
2 Код системы nlr_sh
a Основная рубрика Художественная литература
606 Тематические рубрики __
2 Код системы nlr_sh
a Основная рубрика Литература Европы (произведения)
y Географическая подрубрика Франция
610 Ключевые слова 0_
a Ключевые слова детская литература
610 Ключевые слова 0_
a Ключевые слова иностранная литература
610 Ключевые слова 0_
a Ключевые слова зарубежная литература
610 Ключевые слова 0_
a Ключевые слова французская литература
610 Ключевые слова 0_
a Ключевые слова ужастики
610 Ключевые слова 0_
a Ключевые слова подростковая литература
610 Ключевые слова 0_
a Ключевые слова тема чудовищ
610 Ключевые слова 0_
a Ключевые слова монстры
610 Ключевые слова 0_
a Ключевые слова тема приключений
610 Ключевые слова 0_
a Ключевые слова тема мальчиков
610 Ключевые слова 0_
a Ключевые слова тема подростков
610 Ключевые слова 0_
a Ключевые слова тема опасности
610 Ключевые слова 0_
a Ключевые слова Франкенштейн
610 Ключевые слова 0_
a Ключевые слова опасные приключения
686 Индексы других классификаций __
a Классификационный индекс ст84(4Фра)-445
2 Код системы rubbks
700 Автор _1
a Фамилия Циммерманн
b Имя Н.
g Полное личное имя Наима
4 Код отношения 070
702 Вторичная интеллектуальная ответственность _1
a Фамилия Юэ
b Имя К.
g Полное личное имя Каролин
4 Код отношения 440
702 Вторичная интеллектуальная ответственность _1
a Фамилия Муравьева
b Имя Е. А.
g Полное личное имя Евгения Александровна
4 Код отношения 730
801 Источник записи _0
a Страна RU
b Организация Муниципальное бюджетное учреждение культуры "Централизованная библиотечная система" г. Сургут (Центральная городская библиотека им. А. С. Пушкина)
c Дата составления 20260406
g Правила каталогизации PSBO
801 Источник записи _1
a Страна RU
b Организация Муниципальное бюджетное учреждение культуры "Централизованная библиотечная система" г. Сургут (Центральная городская библиотека им. А. С. Пушкина)
c Дата составления 20260406
g Правила каталогизации PSBO
852 Данные о местонахождении __
i Авторский знак Ц 61
j Шифр хранения ст84(4Фра)-445
900 Макрообъекты __
a Макрообъекты Виржиль и Большая книга ужасов. Лаборатория Франкенштейна. Циммерманн, Н. 2025.
901 Тип документа __
a Ответственный ООФиК/Губина
t Тип документа m
901 Тип документа __
a Ответственный 6 партия
903 Характеристики (МАРС) __
a Дата передачи 20260406
c Наименование библиотеки (МАРС) Муниципальное бюджетное учреждение культуры "Централизованная библиотечная система" г. Сургут (Центральная городская библиотека им. А. С. Пушкина)
969 Тип издания __
a Тип издания издание для детей
990 Данные о заказе (DOS) __
j Количество экземпляров (DOS) 2
t N записи в КСУ для И/У (DOS) 202606